000 00287nam a22001337a 4500
008 170302b xxu||||| |||| 00| 0 eng d
020 _a9780721681733
041 _aeng
080 _a616.073
100 _a6
101 _aSHM
245 _aCOMPUTED TOMOGRAPHY
_cCACAK.R
942 _2udc
_cBK
999 _c6637
_d6637